PC Tools 7.0 : Příručka pro uživatele /

Enregistré dans:
Détails bibliographiques
Auteur principal: Mošna, Václav (Auteur)
Format: Livre
Langue:tchèque
Publié: Praha : Grada, 1992
Collection:"Nestůjte za dveřmi
Tags: Ajouter un tag
Pas de tags, Soyez le premier à ajouter un tag!

MARC

LEADER 00000nam a22000003a 4500
001 stu2433
005 20200923115933.7
008 921008s1992----cs------------------cze-d
020 |a 80-85424-21-5 
040 |a STU  |b slo 
041 0 |a cze 
044 |a cs 
080 |a PC TOOLS  |7 stu_us_auth*stu8167 
080 |a 519.682 
080 |a 681.32.06 
100 1 |a Mošna, Václav  |4 aut 
245 1 |a PC Tools 7.0 :  |b Příručka pro uživatele /  |c [aut.] Mošna,Václav 
260 |a Praha :  |b Grada,  |c 1992 
300 |a 343 s 
830 0 |a "Nestůjte za dveřmi 
996 |b E77009  |c E*77009  |l EE03  |s P  |a 0  |w stu2433_0001